000
00249nam a22001097a 4500
008
170126b xxu||||| |||| 00| 0 eng d
020
_a
9780073374307
041
_a
eng
080
_2
2ND
_a
61
245
_a
MEDICAL LANGUAGE
_c
ALLAN, D.M
942
_2
udc
_c
BK
999
_c
3777
_d
3777